<?xml version="1.0" encoding="UTF-8"?>
<record
    xmlns:xsi="http://www.w3.org/2001/XMLSchema-instance"
    xsi:schemaLocation="http://www.loc.gov/MARC21/slim http://www.loc.gov/standards/marcxml/schema/MARC21slim.xsd"
    xmlns="http://www.loc.gov/MARC21/slim">

  <leader>01347nam a22002537a 4500</leader>
  <controlfield tag="001">00007450</controlfield>
  <controlfield tag="003">DO-SdBNP</controlfield>
  <controlfield tag="005">20180313133913.0</controlfield>
  <controlfield tag="007">00007450</controlfield>
  <controlfield tag="008">160513b 2013 dr       xxu||||| |||| 00| 0 spa d</controlfield>
  <datafield tag="020" ind1=" " ind2=" ">
    <subfield code="a">9789945121483</subfield>
  </datafield>
  <datafield tag="040" ind1=" " ind2=" ">
    <subfield code="a">BPMSU</subfield>
    <subfield code="b">spa</subfield>
    <subfield code="c">BPMSU</subfield>
  </datafield>
  <datafield tag="092" ind1=" " ind2=" ">
    <subfield code="a">xxxxxx</subfield>
    <subfield code="b">xxxxxx</subfield>
  </datafield>
  <datafield tag="245" ind1="0" ind2="0">
    <subfield code="a">Biolog&#xED;a 3 : </subfield>
    <subfield code="b">educaci&#xF3;n media /</subfield>
    <subfield code="c">presentaci&#xF3;n ; Josefina Pimentel </subfield>
  </datafield>
  <datafield tag="260" ind1=" " ind2=" ">
    <subfield code="a">Santo Domingo :</subfield>
    <subfield code="b">Ministerio de Educaci&#xF3;n, </subfield>
    <subfield code="c">2013.</subfield>
  </datafield>
  <datafield tag="300" ind1=" " ind2=" ">
    <subfield code="a">212, [213] p. :</subfield>
    <subfield code="b">il. ; </subfield>
    <subfield code="c">27 cm. </subfield>
  </datafield>
  <datafield tag="504" ind1=" " ind2=" ">
    <subfield code="a">Bibliograf&#xED;a : p. [213]</subfield>
  </datafield>
  <datafield tag="505" ind1=" " ind2=" ">
    <subfield code="t">La historia de la tierra --</subfield>
    <subfield code="t">Estudio de microf&#xF3;siles cuaternarios --</subfield>
    <subfield code="t">La evoluci&#xF3;n --</subfield>
    <subfield code="t">Observaci&#xF3;n experimental  de coacervados &#x2013;</subfield>
    <subfield code="t">Gen&#xE9;tica --</subfield>
    <subfield code="t">An&#xE1;lisis estad&#xED;stico de los experimentos de Mendel --</subfield>
    <subfield code="t">Los seres vivos y el medio ambiente --</subfield>
    <subfield code="t">Estudio de la biocenosis de un suelo &#x2013;</subfield>
    <subfield code="t">Din&#xE1;micas de los ecosistemas --</subfield>
    <subfield code="t">Determinaci&#xF3;n de la energ&#xED;a radiante del sol &#x2013;</subfield>
    <subfield code="t">Biodivesidad vegetal --</subfield>
    <subfield code="t">El paso del hurac&#xE1;n Georges por nuestro pa&#xED;s &#x2013;</subfield>
    <subfield code="t">Biodivesidad animal --</subfield>
    <subfield code="t">Estudio de un h&#xE1;bitat &#x2013;</subfield>
    <subfield code="t">Recursos naturales --</subfield>
    <subfield code="t">Investigaci&#xF3;n  en el entorno.</subfield>
  </datafield>
  <datafield tag="700" ind1="1" ind2=" ">
    <subfield code="a">Pimentel,  Josefina</subfield>
  </datafield>
  <datafield tag="710" ind1="1" ind2="0">
    <subfield code="a">Ministerio de Educaci&#xF3;n. Rep&#xFA;blica Dominicana</subfield>
  </datafield>
  <datafield tag="942" ind1=" " ind2=" ">
    <subfield code="2">ddc</subfield>
    <subfield code="c">BK</subfield>
  </datafield>
  <datafield tag="945" ind1=" " ind2=" ">
    <subfield code="a">Remanejado para la BNPHU / 2018 BT</subfield>
  </datafield>
  <datafield tag="952" ind1=" " ind2=" ">
    <subfield code="0">0</subfield>
    <subfield code="1">0</subfield>
    <subfield code="2">ddc</subfield>
    <subfield code="4">0</subfield>
    <subfield code="7">0</subfield>
    <subfield code="a">BPMET</subfield>
    <subfield code="b">BPMET</subfield>
    <subfield code="d">2016-05-13</subfield>
    <subfield code="e">Donaci&#xF3;n</subfield>
    <subfield code="l">0</subfield>
    <subfield code="p">BPMSU16050321</subfield>
    <subfield code="r">2016-05-13</subfield>
    <subfield code="t">Ej. 1</subfield>
    <subfield code="w">2016-05-13</subfield>
    <subfield code="y">BK</subfield>
  </datafield>
  <datafield tag="956" ind1=" " ind2=" ">
    <subfield code="2">LOPEREZ</subfield>
    <subfield code="3">10</subfield>
    <subfield code="6">20161305</subfield>
    <subfield code="8">BPMSU</subfield>
    <subfield code="a">00041</subfield>
  </datafield>
  <datafield tag="999" ind1=" " ind2=" ">
    <subfield code="c">10129</subfield>
    <subfield code="d">10129</subfield>
  </datafield>
</record>
